Principles of financial management /
Salvato in:
| Autori principali: | , |
|---|---|
| Natura: | Libro |
| Lingua: | inglese |
| Pubblicazione: |
Plano :
Business Publications,
1988
|
| Edizione: | 2.vyd. |
| Soggetti: | |
| Tags: |
Nessun Tag, puoi essere il primo ad aggiungerne!!
|
MARC
| LEADER | 00000nam a22000003a 4500 | ||
|---|---|---|---|
| 001 | stu4490 | ||
| 005 | 20150617225810.2 | ||
| 008 | 930820s1988----xxu-----------------eng-d | ||
| 020 | |a 0-256-03699-3 | ||
| 040 | |a STU |b slo | ||
| 041 | 0 | |a eng | |
| 044 | |a xxu | ||
| 080 | |a 336.6 | ||
| 100 | 1 | |a Kolb, Burton A |4 aut | |
| 245 | 1 | |a Principles of financial management / |c [aut.] Kolb,Burton A.; DeMong,Richard F | |
| 250 | |a 2.vyd. | ||
| 260 | |a Plano : |b Business Publications, |c 1988 | ||
| 300 | |a 855 s | ||
| 650 | 7 | |a financie |2 stusub | |
| 650 | 7 | |a finančné hospodárstvo |2 stusub | |
| 650 | 7 | |a tvorba kapitálu |2 stusub | |
| 700 | 1 | |a DeMong, Richard F |4 aut | |
| 996 | |b E78231 |c R*78231 |l RRUM |s A |a 24 |w stu4490_0001 | ||